000 01115nam a2200325 i 4500
003 EG-GICUC
005 20260126152751.0
008 260126s1987 fr ||||fr|||| 001 0 fre d
020 _a2275008454
040 _aEG-GiCUC
_bfre
_cEG-GiCUC
_dEG-GiCUC
_eRda
041 0 _afre
082 0 4 _221
_a341.851
_bJA . N
092 0 4 _221
099 _aLaw1 12 341.851 JA . N 1987
100 1 _aJarrosson, Charles
_eAuteur
245 1 4 _aLa Notion D'arbitrage /
_cPar Charles Jarrosson; Préface De Bruno Oppetit.
264 3 _aParis :
_bLibrairie Generale De Droit Et De Jurisprudence ,
_c1987.
300 _a407 page,
_c24 cm.
336 _2rda contenu
_a texte
337 _2rda medias
_aOrdinateur
338 _2 transporteur rda
_a Ressource en ligne
490 _aBibliothèque De Droit Privé
_vTOME CXCVIII
504 _acomprend des références bibliographiques und index.
546 _aTexte en français
650 1 4 _aDroit international privé
700 1 _aOppetit, Bruno
_ePréfacier
856 4 0 _uhttps://fll.law.cu.edu.eg/fulltext/bks/B12-01760.pdf
905 _a48
942 _2ddc
_cBK
_e21
_n0
999 _c59484
_d59484